MARC

LEADER 00000nam0a2200000 4500
001 319300
005 20231102003151.0
035 |a (RuTPU)RU\TPU\book\344809 
090 |a 319300 
100 |a 20160526d1962 k y0rusy50 ca 
101 0 |a rus 
102 |a RU 
105 |a a z 001zy 
200 1 |a Моторные, реактивные и ракетные топлива  |f под ред. К. К. Папок и Е. Г. Семенидо 
205 |a 4-е изд., перераб. и доп. 
210 |a Москва  |c Гостоптехиздат  |d 1962 
215 |a 741 с.  |c ил. 
320 |a Библиогр. в конце гл. 
606 1 |a Моторное топливо  |2 stltpush  |3 (RuTPU)RU\TPU\subj\34219  |9 56221 
606 1 |a Реактивное топливо  |2 stltpush  |3 (RuTPU)RU\TPU\subj\24040  |9 48493 
606 1 |a Ракетное топливо  |x Горение  |2 stltpush  |3 (RuTPU)RU\TPU\subj\23675  |9 48222 
610 1 |a физико-химические свойства 
610 1 |a эксплуатационные свойства 
610 1 |a автомобильное топливо 
610 1 |a двигатели 
610 1 |a самолеты 
610 1 |a коррозионные свойства 
610 1 |a нагарообразующие свойства 
610 1 |a теплота 
610 1 |a сгорание 
610 1 |a осадкообразование 
610 1 |a качество 
675 |a 665.75  |v 4 
675 |a 621.45-6  |v 4 
675 |a 621.453/.457  |v 4 
702 1 |a Папок  |b К. К.  |4 340 
702 1 |a Семенидо  |b Е. Г.  |4 340 
801 1 |a RU  |b 63413507  |c 20160526 
801 2 |a RU  |b 63413507  |c 20171009  |g RCR 
942 |c BK